Risultati Serie A 2023-2024 - 21ª giornata - Statistics

Statistiche generali
  • Questo quiz è stato fatto 28 volte
  • Il punteggio medio è 4 su 10
Statistiche sulle risposte
Hint Risposta % Corretto
Sassuolo-Napoli 1-6
75%
Inter-Atalanta 4-0
55%
Lecce-Juventus 0-3
45%
Udinese-Milan 2-3
45%
Roma-Verona 2-1
40%
Torino-Lazio 0-2
30%
Bologna-Fiorentina 2-0
30%
Empoli-Monza 3-0
30%
Salernitana-Genoa 1-2
25%
Frosinone-Cagliari 3-1
25%
Nessun quiz corrispondente trovato
Distribuzione punteggi
Percentuale di utenti per punteggio
Percentile per numero di risposta
I tuoi punteggi nel tempo
Non hai fatto questo quiz